[Event "PAR-ch"]
[Site "Asuncion"]
[Date "2014.12.16"]
[Round "8"]
[White "Valiente, Cristobal"]
[Black "Cubas, Jose Fernando"]
[Result "0-1"]
[WhiteElo "2233"]
[BlackElo "2459"]
[PlyCount "80"]
[EventDate "2014.12.10"]
[EventType "tourn"]
[EventRounds "11"]
[EventCountry "PAR"]
[EventCategory "3"]
[SourceTitle "EXT 2016"]
[Source "ChessBase"]
[SourceDate "2015.10.08"]
[SourceVersion "1"]
[SourceVersionDate "2015.10.08"]
[SourceQuality "1"]

1. Nf3 d5 2. g3 c6 3. Bg2 Bg4 4. d3 Nd7 5. Nbd2 Ngf6 6. h3 Bxf3 7. Bxf3 e6 8.
O-O Bc5 9. c3 Qc7 10. Bg2 Bb6 11. e3 O-O 12. Qe2 e5 13. e4 Rfe8 14. Kh2 Rad8
15. b4 Nf8 16. Bb2 Ng6 17. a4 a5 18. Nb3 axb4 19. cxb4 Qe7 20. Ba3 dxe4 21.
dxe4 Bd4 22. Rab1 h5 23. Na5 h4 24. Rb3 Qe6 25. Qc2 Rd7 26. b5 cxb5 27. Rxb5 b6
28. Nc6 hxg3+ 29. fxg3 Rc8 30. Nxd4 Rxd4 31. Qb2 Qd7 32. Bb4 Rdc4 33. Rf2 Nxe4
34. Re2 Qd3 35. Bxe4 Rxe4 36. Rd2 Qf1 37. Rf2 Qd1 38. Rd2 Qxa4 39. Rxb6 Rec4
40. Qa2 Rxb4 0-1

[Event "PAR-ch"]
[Site "Asuncion"]
[Date "2014.12.18"]
[Round "10"]
[White "Bachmann, Axel"]
[Black "Cubas, Jose Fernando"]
[Result "1/2-1/2"]
[WhiteElo "2628"]
[BlackElo "2459"]
[PlyCount "140"]
[EventDate "2014.12.10"]
[EventType "tourn"]
[EventRounds "11"]
[EventCountry "PAR"]
[EventCategory "3"]
[SourceTitle "EXT 2016"]
[Source "ChessBase"]
[SourceDate "2015.10.08"]
[SourceVersion "1"]
[SourceVersionDate "2015.10.08"]
[SourceQuality "1"]

1. d4 d5 2. c4 c6 3. Nf3 Nf6 4. g3 dxc4 5. Bg2 b5 6. a4 Bb7 7. O-O e6 8. Ne5 a6
9. Nc3 Be7 10. axb5 axb5 11. Rxa8 Bxa8 12. Nxb5 cxb5 13. Bxa8 O-O 14. Bg2 Bd6
15. f4 Qb6 16. Be3 Rd8 17. Kh1 Nd5 18. Bg1 Bxe5 19. dxe5 Qa5 20. Qd4 Nc6 21.
Qc5 Qa6 22. Rd1 Qb7 23. f5 Nxe5 24. fxe6 fxe6 25. Qd4 Nf7 26. Ra1 Qc6 27. h3
Qd6 28. Kh2 e5 29. Qa7 Nf6 30. Qb7 Qd7 31. Qxd7 Rxd7 32. Bc6 Rd8 33. Bxb5 Nd6
34. Rd1 Rb8 35. Rxd6 Rxb5 36. Rd2 Kf7 37. Kg2 Ke6 38. Rc2 Kd5 39. Rd2+ Ke4 40.
Rc2 Rb4 41. Bc5 Ra4 42. Bf8 g6 43. Kf2 h5 44. Bh6 Kd5 45. Rd2+ Ke6 46. Rd8 Rb4
47. Rc8 Ne4+ 48. Kf3 Nd6 49. Rg8 Rb3+ 50. Kg2 Kf7 51. Rf8+ Ke6 52. Rg8 Nf5 53.
Rxg6+ Kf7 54. Rc6 Rxb2 55. g4 hxg4 56. hxg4 Rxe2+ 57. Kf1 Ng3+ 58. Kg1 Re4 59.
g5 Ne2+ 60. Kf2 Nf4 61. Kf3 Rd4 62. Rf6+ Ke7 63. Bf8+ Ke8 64. Bd6 Nh3 65. g6
Rf4+ 66. Rxf4 Nxf4 67. g7 Kf7 68. Bxe5 Ne6 69. Ke4 Nxg7 70. Kd4 c3 1/2-1/2

[Event "PAR-ch"]
[Site "Asuncion"]
[Date "2014.12.19"]
[Round "11"]
[White "Cubas, Jose Fernando"]
[Black "Butti, Enrique"]
[Result "1-0"]
[WhiteElo "2459"]
[BlackElo "2071"]
[PlyCount "55"]
[EventDate "2014.12.10"]
[EventType "tourn"]
[EventRounds "11"]
[EventCountry "PAR"]
[EventCategory "3"]
[SourceTitle "EXT 2016"]
[Source "ChessBase"]
[SourceDate "2015.10.08"]
[SourceVersion "1"]
[SourceVersionDate "2015.10.08"]
[SourceQuality "1"]

1. e4 e6 2. d4 d5 3. e5 c5 4. c3 Qb6 5. Nf3 Bd7 6. Be2 cxd4 7. cxd4 Bb5 8. Nc3
Bxe2 9. Nxe2 Nc6 10. O-O Nge7 11. Ng3 h5 12. Bg5 h4 13. Ne2 Nf5 14. Rb1 a5 15.
a3 Be7 16. Bxe7 Kxe7 17. Qd2 f6 18. b4 axb4 19. axb4 Ra4 20. Nc3 Ra3 21. Rfe1
Kf7 22. Qb2 Rha8 23. exf6 gxf6 24. Qc2 Nce7 25. Ne2 Qb5 26. Nxh4 Ra2 27. Nxf5
exf5 28. Qd1 1-0

[Event "PAR-ch+"]
[Site "Asuncion"]
[Date "2014.12.10"]
[Round "1"]
[White "Curatola, Clemente"]
[Black "Cubas, Jose Fernando"]
[Result "1/2-1/2"]
[WhiteElo "2068"]
[BlackElo "2459"]
[PlyCount "88"]
[EventDate "2014.12.10"]
[EventType "tourn"]
[EventRounds "11"]
[EventCountry "PAR"]
[EventCategory "3"]
[SourceTitle "EXT 2016"]
[Source "ChessBase"]
[SourceDate "2015.10.08"]
[SourceVersion "1"]
[SourceVersionDate "2015.10.08"]
[SourceQuality "1"]

1. d4 Nf6 2. Nc3 d5 3. Bg5 c5 4. Bxf6 gxf6 5. dxc5 d4 6. Ne4 Qd5 7. Qd3 f5 8.
Nc3 Qxc5 9. Qb5+ Qc6 10. Qe5 dxc3 11. Qxh8 f6 12. b3 Na6 13. Qxh7 Nb4 14. Qh5+
Kd8 15. O-O-O+ Kc7 16. Qf3 Qc5 17. Qf4+ e5 18. Qc4 Nxa2+ 19. Kb1 Qxc4 20. bxc4
Nb4 21. e3 f4 22. e4 b5 23. cxb5 a6 24. b6+ Kxb6 25. Ne2 Rb8 26. Nxc3 Ka5 27.
Kc1 f3 28. Nd5 Bg4 29. c3 Nxd5 30. Rxd5+ Ka4 31. g3 Be6 32. Kc2 Bxd5 33. exd5
Ba3 34. Bc4 Rb2+ 35. Kd3 f5 36. Bxa6 Rxf2 37. Kc4 Rb2 38. Ra1 e4 39. d6 Rb6 40.
d7 Rc6+ 41. Kd5 Rd6+ 42. Kc4 Rc6+ 43. Kd5 Rd6+ 44. Kc4 Rc6+ 1/2-1/2

[Event "Lisbon Christmas op"]
[Site "Lisbon"]
[Date "2014.12.26"]
[Round "1"]
[White "Cubas Pons, Juan Miguel"]
[Black "Strikovic, Aleksa"]
[Result "0-1"]
[WhiteElo "2251"]
[BlackElo "2528"]
[PlyCount "70"]
[EventDate "2014.12.26"]
[EventType "swiss"]
[EventRounds "9"]
[EventCountry "POR"]
[SourceTitle "CBM 164 Extra"]
[Source "ChessBase"]
[SourceDate "2015.03.02"]
[SourceVersion "1"]
[SourceVersionDate "2015.03.02"]
[SourceQuality "1"]

1. d4 d6 2. Nf3 Nf6 3. Bg5 Nbd7 4. Nbd2 h6 5. Bh4 g5 6. Bg3 Nh5 7. e4 Bg7 8. c3
e6 9. Bd3 a6 10. a4 b6 11. Nc4 Nxg3 12. hxg3 Bb7 13. Ne3 Nf6 14. Qc2 c5 15. e5
dxe5 16. dxe5 Nd7 17. Be4 Qc7 18. Nc4 Ke7 19. Bxb7 Qxb7 20. O-O b5 21. axb5
axb5 22. Nd6 Qc6 23. Qe2 g4 24. Nh2 Nxe5 25. Nxb5 h5 26. Rfd1 Rxa1 27. Rxa1 Rd8
28. Nf1 Qd5 29. Qc2 Qd3 30. Qa4 Kf8 31. Ne3 Qe2 32. Qa5 Bf6 33. Nc7 Nd3 34. Rf1
Qxb2 35. Ned5 exd5 0-1

[Event "Lisbon Christmas op"]
[Site "Lisbon"]
[Date "2014.12.27"]
[Round "2"]
[White "Mehringer, Joerg"]
[Black "Cubas Pons, Juan Miguel"]
[Result "0-1"]
[WhiteElo "1969"]
[BlackElo "2251"]
[PlyCount "96"]
[EventDate "2014.12.26"]
[EventType "swiss"]
[EventRounds "9"]
[EventCountry "POR"]
[SourceTitle "EXT 2018"]
[Source "ChessBase"]
[SourceDate "2017.10.13"]
[SourceVersion "1"]
[SourceVersionDate "2017.10.13"]
[SourceQuality "1"]

1. e4 e6 2. d4 d5 3. Nc3 Bb4 4. e5 c5 5. a3 Bxc3+ 6. bxc3 Qa5 7. Bd2 Qa4 8. Qg4
g6 9. Bd3 c4 10. Be2 Qxc2 11. Nf3 Nc6 12. O-O Bd7 13. Rfb1 O-O-O 14. Bd1 h5 15.
Qf4 Qf5 16. Qe3 h4 17. h3 f6 18. Rb2 Qe4 19. Bc2 Qxe3 20. Bxe3 fxe5 21. dxe5
Nge7 22. Rab1 b6 23. Bg5 Rde8 24. Bf6 Rh5 25. a4 Nf5 26. Bd1 Rg8 27. Ng5 Rxg5
28. Bxg5 Nxe5 29. Bc2 Nf7 30. Bf6 g5 31. a5 b5 32. Bxf5 exf5 33. Re2 Rg6 34.
Bd4 Ra6 35. Re7 Nd8 36. Rg7 Ne6 37. Rg8+ Kb7 38. Bf6 Rxa5 39. Bxg5 Nxg5 40.
Rxg5 Ra3 41. Re1 d4 42. Re7 dxc3 43. Rxd7+ Kc6 44. Rd1 b4 45. Rxf5 c2 46. Re1
Rd3 47. Kh2 Rd1 48. Re6+ Kd7 0-1

[Event "Lisbon Christmas op"]
[Site "Lisbon"]
[Date "2014.12.27"]
[Round "3"]
[White "Cubas Pons, Juan Miguel"]
[Black "Jesus Reyes, Javier"]
[Result "1-0"]
[WhiteElo "2251"]
[BlackElo "1907"]
[PlyCount "61"]
[EventDate "2014.12.26"]
[EventType "swiss"]
[EventRounds "9"]
[EventCountry "POR"]
[SourceTitle "CBM 164 Extra"]
[Source "ChessBase"]
[SourceDate "2015.03.02"]
[SourceVersion "1"]
[SourceVersionDate "2015.03.02"]
[SourceQuality "1"]

1. e4 d6 2. d4 g6 3. c4 Bg7 4. Nc3 Nf6 5. Nf3 O-O 6. Be2 e5 7. O-O Nc6 8. d5
Ne7 9. Ne1 c5 10. Nd3 Ne8 11. f3 f5 12. g4 f4 13. Rb1 a5 14. a3 Nc7 15. b4 axb4
16. axb4 b6 17. Bd2 Ba6 18. Qb3 Qd7 19. Na4 Bxc4 20. Nxb6 Bxb3 21. Nxd7 Bc2 22.
Nxf8 Bxb1 23. Rxb1 c4 24. Nxg6 Nxg6 25. Nb2 Nb5 26. Nxc4 Nd4 27. Bd1 Nh4 28.
Kf2 Ra2 29. b5 Nc2 30. Bxc2 Rxc2 31. b6 1-0

[Event "Lisbon Christmas op"]
[Site "Lisbon"]
[Date "2014.12.28"]
[Round "4"]
[White "Cubas Pons, Juan Miguel"]
[Black "Dias, Paulo Jorge Guimara"]
[Result "1/2-1/2"]
[WhiteElo "2251"]
[BlackElo "2421"]
[PlyCount "121"]
[EventDate "2014.12.26"]
[EventType "swiss"]
[EventRounds "9"]
[EventCountry "POR"]
[SourceTitle "CBM 164 Extra"]
[Source "ChessBase"]
[SourceDate "2015.03.02"]
[SourceVersion "1"]
[SourceVersionDate "2015.03.02"]
[SourceQuality "1"]

1. e4 e6 2. d4 d5 3. Nd2 Nf6 4. e5 Nfd7 5. Bd3 c5 6. c3 Nc6 7. Ne2 cxd4 8. cxd4
f6 9. Nf4 Qe7 10. O-O Nxd4 11. exf6 Qxf6 12. Nb3 Nxb3 13. axb3 Nc5 14. Bb5+ Kf7
15. b4 Ne4 16. Nxd5 exd5 17. Qxd5+ Qe6 18. Bc4 Qxd5 19. Bxd5+ Be6 20. Bxb7 Re8
21. Bxe4 Bc4 22. Re1 Bxb4 23. Re3 Bc5 24. Rf3+ Kg8 25. Be3 Rxe4 26. Bxc5 h6 27.
Rf8+ Kh7 28. Rxh8+ Kxh8 29. Bxa7 Bb3 30. Be3 Ra4 31. Rxa4 Bxa4 32. Kf1 Bb5+ 33.
Ke1 Kg8 34. Kd2 Kf7 35. Kc3 Ke6 36. Kd4 Bc6 37. g3 Bf3 38. h4 h5 39. Kc5 g6 40.
b4 Kd7 41. Bf4 Bg2 42. b5 Bf3 43. Bd2 Be2 44. b6 Bf3 45. Bc3 Ke6 46. Bb4 Bb7
47. Kd4 Kf5 48. Be1 Ke6 49. Ke3 Kf5 50. f3 Ba8 51. Bc3 Bb7 52. Bg7 Ba8 53. Bh6
Bb7 54. Bg5 Ba8 55. f4 Bb7 56. Kd4 Ke6 57. Kc5 Bf3 58. Kb5 Bb7 59. Bd8 Kf5 60.
Kc5 Ke6 61. Kd4 1/2-1/2

[Event "Lisbon Christmas op"]
[Site "Lisbon"]
[Date "2014.12.28"]
[Round "5"]
[White "Camacho Collados, Marcos"]
[Black "Cubas Pons, Juan Miguel"]
[Result "1-0"]
[WhiteElo "2451"]
[BlackElo "2251"]
[PlyCount "133"]
[EventDate "2014.12.26"]
[EventType "swiss"]
[EventRounds "9"]
[EventCountry "POR"]
[SourceTitle "CBM 164 Extra"]
[Source "ChessBase"]
[SourceDate "2015.03.02"]
[SourceVersion "1"]
[SourceVersionDate "2015.03.02"]
[SourceQuality "1"]

1. Nf3 d5 2. e3 Nf6 3. b3 g6 4. Bb2 Bg7 5. c4 c6 6. d4 O-O 7. Nbd2 Nbd7 8. Be2
c5 9. O-O b6 10. Qc2 Bb7 11. Rfd1 Rc8 12. dxc5 Rxc5 13. Bd4 Rc7 14. Qb2 Qa8 15.
Rac1 Rfc8 16. Bf1 Ne8 17. Bxg7 Nxg7 18. Nd4 a6 19. cxd5 Bxd5 20. Rxc7 Rxc7 21.
Rc1 Rxc1 22. Qxc1 Ne6 23. Nxe6 Bxe6 24. h3 a5 25. Qc7 Qb8 26. Qc6 Ne5 27. Qc3
Qd6 28. Be2 f6 29. f4 Qc6 30. Qd4 Nd7 31. Bc4 b5 32. Bxe6+ Qxe6 33. Qc3 a4 34.
bxa4 bxa4 35. a3 Nb6 36. e4 Kg7 37. Kf2 Qd6 38. e5 Qd5 39. exf6+ exf6 40. Qe3
Kf7 41. Nf3 Qa2+ 42. Kg1 Qb3 43. Qc5 Nd5 44. Kh2 Qb7 45. Qc4 Qb3 46. Qc5 Qb7
47. Qd6 Ne3 48. Qd4 Qb3 49. Qd7+ Kg8 50. Qe8+ Kg7 51. Qe7+ Kg8 52. Qxf6 Nf5 53.
Qd8+ Kg7 54. Qc7+ Kg8 55. Qc5 h5 56. Qc8+ Kg7 57. Qd7+ Kh6 58. Qe8 Kg7 59. Ng5
Qg3+ 60. Kh1 Qb3 61. Qd7+ Kg8 62. Qe8+ Kg7 63. Qd7+ Kg8 64. Qh7+ Kf8 65. Qh8+
Ke7 66. Qh7+ Kf6 67. Ne4+ 1-0

[Event "Lisbon Christmas op"]
[Site "Lisbon"]
[Date "2014.12.29"]
[Round "6"]
[White "Guerra, Jose Antonio Goular"]
[Black "Cubas Pons, Juan Miguel"]
[Result "1-0"]
[WhiteElo "1788"]
[BlackElo "2251"]
[PlyCount "57"]
[EventDate "2014.12.26"]
[EventType "swiss"]
[EventRounds "9"]
[EventCountry "POR"]
[SourceTitle "EXT 2018"]
[Source "ChessBase"]
[SourceDate "2017.10.13"]
[SourceVersion "1"]
[SourceVersionDate "2017.10.13"]
[SourceQuality "1"]

1. Nf3 d5 2. d4 Nf6 3. c4 e6 4. Nc3 c6 5. e3 Nbd7 6. Bd3 dxc4 7. Bxc4 b5 8. Bd3
Bb7 9. O-O a6 10. Qe2 c5 11. Rd1 Qb6 12. a3 Be7 13. Bb1 O-O 14. dxc5 Nxc5 15.
Nd4 Rfd8 16. Ba2 Rac8 17. Bd2 Nfe4 18. Be1 Bf6 19. f3 Nxc3 20. Bxc3 Na4 21. Be1
e5 22. Nf5 e4 23. Nd4 exf3 24. gxf3 Rxd4 25. exd4 Bxd4+ 26. Bf2 Qg6+ 27. Kf1
Bxb2 28. Qe7 Rf8 29. Rd8 1-0

[Event "Lisbon Christmas op"]
[Site "Lisbon"]
[Date "2014.12.29"]
[Round "7"]
[White "Cubas Pons, Juan Miguel"]
[Black "Hoeneveld, Maarten"]
[Result "1-0"]
[WhiteElo "2251"]
[BlackElo "1774"]
[PlyCount "39"]
[EventDate "2014.12.26"]
[EventType "swiss"]
[EventRounds "9"]
[EventCountry "POR"]
[SourceTitle "EXT 2018"]
[Source "ChessBase"]
[SourceDate "2017.10.13"]
[SourceVersion "1"]
[SourceVersionDate "2017.10.13"]
[SourceQuality "1"]

1. e4 e5 2. f4 d5 3. exd5 exf4 4. Nf3 Qxd5 5. d4 Be6 6. Bd3 Nc6 7. c4 Qa5+ 8.
Bd2 Qb6 9. d5 Qxb2 10. dxe6 Qxa1 11. exf7+ Kxf7 12. Ng5+ Ke8 13. Bc3 Qxa2 14.
O-O Nf6 15. Bxf6 gxf6 16. Qh5+ Kd7 17. Bf5+ Kd6 18. Qd1+ Kc5 19. Qd5+ Kb4 20.
Qb5# 1-0

[Event "Lisbon Christmas op"]
[Site "Lisbon"]
[Date "2014.12.30"]
[Round "8"]
[White "Calzada Cruz, Osvaldo"]
[Black "Cubas Pons, Juan Miguel"]
[Result "0-1"]
[WhiteElo "1878"]
[BlackElo "2251"]
[PlyCount "70"]
[EventDate "2014.12.26"]
[EventType "swiss"]
[EventRounds "9"]
[EventCountry "POR"]
[SourceTitle "EXT 2018"]
[Source "ChessBase"]
[SourceDate "2017.10.13"]
[SourceVersion "1"]
[SourceVersionDate "2017.10.13"]
[SourceQuality "1"]

1. c4 e6 2. Nc3 d5 3. d4 Nf6 4. Nf3 c6 5. e3 Nbd7 6. Be2 dxc4 7. Bxc4 b5 8. Be2
Bb7 9. O-O a6 10. a3 c5 11. dxc5 Nxc5 12. b4 Qxd1 13. Rxd1 Nb3 14. Rb1 Nxc1 15.
Rbxc1 Be7 16. Ne5 O-O 17. Bf3 Bxf3 18. gxf3 Rac8 19. Ne4 Nd5 20. Nc6 Bh4 21.
Nd6 Rc7 22. Nd4 Rd8 23. Rxc7 Nxc7 24. Nc6 Ra8 25. Kf1 Bf6 26. Ke2 Nd5 27. Kd3
Ne7 28. Nxe7+ Bxe7 29. Ne4 f5 30. Nc5 Bxc5 31. bxc5 Rd8+ 32. Kc2 Rxd1 33. Kxd1
Kf7 34. Kc2 e5 35. Kb3 a5 0-1

[Event "Lisbon Christmas op"]
[Site "Lisbon"]
[Date "2014.12.30"]
[Round "9"]
[White "Cubas Pons, Juan Miguel"]
[Black "Barasiant, Mariana"]
[Result "1-0"]
[WhiteElo "2251"]
[BlackElo "1942"]
[PlyCount "71"]
[EventDate "2014.12.26"]
[EventType "swiss"]
[EventRounds "9"]
[EventCountry "POR"]
[SourceTitle "EXT 2018"]
[Source "ChessBase"]
[SourceDate "2017.10.13"]
[SourceVersion "1"]
[SourceVersionDate "2017.10.13"]
[SourceQuality "1"]

1. e4 c6 2. Nc3 d5 3. Nf3 d4 4. Ne2 c5 5. d3 Nc6 6. g3 e5 7. Bg2 Bd6 8. O-O
Nge7 9. Nd2 b5 10. a4 Ba6 11. f4 Qb6 12. axb5 Bxb5 13. b3 a5 14. f5 f6 15. g4
h6 16. Ng3 Qb7 17. Nh5 Nc8 18. h4 Nb6 19. g5 hxg5 20. hxg5 fxg5 21. f6 gxf6 22.
Nxf6+ Kd8 23. Nf3 g4 24. Ng5 Kc7 25. Qxg4 Qc8 26. Qg3 Ne7 27. Bd2 a4 28. Nf7
Rf8 29. Bh3 Nd7 30. Ng5 Rh8 31. bxa4 Bxa4 32. Bg4 Bc6 33. Ne6+ Kb8 34. Rfb1+
Bb7 35. Nxc5 Rxa1 36. Nfxd7+ 1-0

[Event "Florianopolis op"]
[Site "Florianopolis"]
[Date "2015.01.14"]
[Round "1"]
[White "Cubas, Jose Fernando"]
[Black "Batista, Francisco Klemberg"]
[Result "1-0"]
[WhiteElo "2459"]
[BlackElo "1810"]
[PlyCount "55"]
[EventDate "2015.01.14"]
[EventType "swiss"]
[EventRounds "10"]
[EventCountry "BRA"]
[SourceTitle "CBM 164 Extra"]
[Source "ChessBase"]
[SourceDate "2015.03.02"]
[SourceVersion "1"]
[SourceVersionDate "2015.03.02"]
[SourceQuality "1"]

1. e4 c5 2. Nf3 e6 3. d4 cxd4 4. Nxd4 Nc6 5. Nc3 Qc7 6. f4 a6 7. Be2 Bb4 8.
Nxc6 Bxc3+ 9. bxc3 Qxc6 10. Qd4 Nf6 11. Ba3 Nxe4 12. c4 f6 13. Bh5+ g6 14. Bf3
Qa4 15. Bb2 Qb4+ 16. Ke2 Nd6 17. c5 Nc4 18. Bc3 e5 19. Bxb4 exd4 20. Kd3 Nb2+
21. Kxd4 a5 22. Ba3 Na4 23. c4 d6 24. Rhe1+ Kd8 25. cxd6 Ra7 26. Rab1 b6 27.
Bc6 Bd7 28. Bxa4 1-0

[Event "Florianopolis op"]
[Site "Florianopolis"]
[Date "2015.01.14"]
[Round "2"]
[White "Da Silva, Jefferson Rian Ferr"]
[Black "Cubas, Jose Fernando"]
[Result "0-1"]
[WhiteElo "2000"]
[BlackElo "2459"]
[PlyCount "51"]
[EventDate "2015.01.14"]
[EventType "swiss"]
[EventRounds "10"]
[EventCountry "BRA"]
[SourceTitle "CBM 164 Extra"]
[Source "ChessBase"]
[SourceDate "2015.03.02"]
[SourceVersion "1"]
[SourceVersionDate "2015.03.02"]
[SourceQuality "1"]

1. e4 c5 2. Nf3 Nc6 3. d4 cxd4 4. Nxd4 e5 5. Nb5 d6 6. N1c3 a6 7. Na3 Be6 8.
Nd5 Nf6 9. Bg5 Bxd5 10. Bxf6 Qa5+ 11. c3 Be6 12. Bh4 b5 13. Qd2 Be7 14. Bxe7
Kxe7 15. Be2 Rhd8 16. O-O d5 17. Qg5+ Kf8 18. exd5 Bxd5 19. c4 Nd4 20. Qxe5 Qd2
21. Rae1 Be6 22. cxb5 Qxb2 23. Qc5+ Kg8 24. Bd1 axb5 25. Re3 Rdc8 26. Qd6 0-1

[Event "Florianopolis op"]
[Site "Florianopolis"]
[Date "2015.01.15"]
[Round "3"]
[White "Cubas, Jose Fernando"]
[Black "Souza, Rafael Cabral de"]
[Result "0-1"]
[WhiteElo "2459"]
[BlackElo "2173"]
[PlyCount "58"]
[EventDate "2015.01.14"]
[EventType "swiss"]
[EventRounds "10"]
[EventCountry "BRA"]
[SourceTitle "CBM 164 Extra"]
[Source "ChessBase"]
[SourceDate "2015.03.02"]
[SourceVersion "1"]
[SourceVersionDate "2015.03.02"]
[SourceQuality "1"]

1. e4 g6 2. d4 Bg7 3. Nc3 d6 4. Be3 Nf6 5. Qd2 c6 6. f3 b5 7. Nge2 Nbd7 8. Bh6
Bxh6 9. Qxh6 b4 10. Nd1 c5 11. Ne3 Ba6 12. O-O-O Qa5 13. Kb1 c4 14. Nf4 Nb6 15.
h4 Rc8 16. g4 Na4 17. Qg5 Rc5 18. dxc5 h6 19. Qxf6 exf6 20. cxd6 Nxb2 21. Kxb2
Qa3+ 22. Ka1 Qxe3 23. Nd5 Qxf3 24. Bh3 Kd8 25. Rdf1 Qa3 26. Rb1 b3 27. cxb3
cxb3 28. Rxb3 Qxd6 29. Rd1 Qe5+ 0-1

[Event "Florianopolis op"]
[Site "Florianopolis"]
[Date "2015.01.15"]
[Round "4"]
[White "Hirota da Silva, Nilton Jose"]
[Black "Cubas, Jose Fernando"]
[Result "0-1"]
[WhiteElo "2019"]
[BlackElo "2459"]
[PlyCount "70"]
[EventDate "2015.01.14"]
[EventType "swiss"]
[EventRounds "10"]
[EventCountry "BRA"]
[SourceTitle "CBM 164 Extra"]
[Source "ChessBase"]
[SourceDate "2015.03.02"]
[SourceVersion "1"]
[SourceVersionDate "2015.03.02"]
[SourceQuality "1"]

1. Nf3 Nf6 2. c4 e6 3. g3 d5 4. Bg2 Be7 5. O-O O-O 6. b3 c5 7. Bb2 Nc6 8. d3 d4
9. Nbd2 e5 10. Ne1 Be6 11. Bc1 Qd7 12. Ne4 Bh3 13. Nxf6+ Bxf6 14. Rb1 Rfe8 15.
f3 Bxg2 16. Kxg2 Be7 17. Bd2 f5 18. Qc1 Bf8 19. Nc2 e4 20. Be1 a5 21. Rf2 Re6
22. a3 Rae8 23. Qd1 b6 24. b4 axb4 25. axb4 Ne5 26. bxc5 bxc5 27. h3 h5 28. f4
Ng6 29. h4 Nh8 30. Rb3 Qc6 31. Kg1 Nf7 32. Qb1 Nh6 33. Ba5 exd3 34. exd3 Ng4
35. Rb6 Qa8 0-1

[Event "Florianopolis op"]
[Site "Florianopolis"]
[Date "2015.01.16"]
[Round "5"]
[White "Cubas, Jose Fernando"]
[Black "Queiroz, Alberto Becker"]
[Result "1-0"]
[WhiteElo "2459"]
[BlackElo "2111"]
[PlyCount "90"]
[EventDate "2015.01.14"]
[EventType "swiss"]
[EventRounds "10"]
[EventCountry "BRA"]
[SourceTitle "CBM 164 Extra"]
[Source "ChessBase"]
[SourceDate "2015.03.02"]
[SourceVersion "1"]
[SourceVersionDate "2015.03.02"]
[SourceQuality "1"]

1. e4 c6 2. d4 d5 3. Nc3 dxe4 4. Nxe4 Nd7 5. Nf3 Ngf6 6. Nxf6+ Nxf6 7. Bc4 Bf5
8. Qe2 e6 9. Bg5 Qa5+ 10. c3 Bg4 11. Qe5 Qxe5+ 12. Nxe5 Bf5 13. O-O Be7 14.
Rfe1 h6 15. Bh4 Rd8 16. Re2 O-O 17. g4 Bh7 18. f4 Bd6 19. g5 hxg5 20. fxg5 Bxe5
21. dxe5 Ne4 22. g6 Bxg6 23. Bxd8 Rxd8 24. Bb3 Nc5 25. Rd1 Rxd1+ 26. Bxd1 Kf8
27. Bc2 Bh5 28. Re3 Ke7 29. Kf2 Nd7 30. Kg3 f6 31. exf6+ Nxf6 32. Kh4 Bf7 33.
Rg3 Kf8 34. Kg5 Ke7 35. Rg2 c5 36. c4 Nd7 37. Bg6 Bg8 38. b3 b6 39. Rg3 Nf6 40.
Kf4 Nd7 41. Bh7 e5+ 42. Ke3 Kf8 43. Bxg8 Kxg8 44. Ke4 Kf7 45. Kd5 Kf6 1-0

[Event "Florianopolis op"]
[Site "Florianopolis"]
[Date "2015.01.16"]
[Round "6"]
[White "Garkauskas, Otto Dmitry"]
[Black "Cubas, Jose Fernando"]
[Result "0-1"]
[WhiteElo "2202"]
[BlackElo "2459"]
[PlyCount "77"]
[EventDate "2015.01.14"]
[EventType "swiss"]
[EventRounds "10"]
[EventCountry "BRA"]
[SourceTitle "CBM 164 Extra"]
[Source "ChessBase"]
[SourceDate "2015.03.02"]
[SourceVersion "1"]
[SourceVersionDate "2015.03.02"]
[SourceQuality "1"]

1. d4 d5 2. c4 c6 3. Nf3 Nf6 4. Nc3 dxc4 5. a4 Bg4 6. Ne5 Bh5 7. g3 Nbd7 8.
Nxc4 Nb6 9. Ne5 Nbd7 10. Nd3 Bg6 11. Bg2 e6 12. O-O a5 13. Nf4 Bb4 14. Nxg6
hxg6 15. e4 e5 16. Be3 Qe7 17. Qe2 Rd8 18. h3 O-O 19. dxe5 Nxe5 20. f4 Ned7 21.
e5 Bxc3 22. bxc3 Nd5 23. Bd4 Nc5 24. Qc4 Ne6 25. Bf2 Rd7 26. Rab1 Rb8 27. Qb3
Ndxf4 28. gxf4 Nxf4 29. Bd4 Ne2+ 30. Kf2 Nxd4 31. cxd4 Qh4+ 32. Kg1 Qxd4+ 33.
Kh1 Qxe5 34. Rbe1 Qc5 35. Re3 Kh7 36. Ref3 f5 37. Rf4 Rd4 38. Qg3 Rxf4 39. Rxf4
0-1

[Event "Florianopolis op"]
[Site "Florianopolis"]
[Date "2015.01.17"]
[Round "7"]
[White "Cubas, Jose Fernando"]
[Black "Gauche, Charles"]
[Result "1-0"]
[WhiteElo "2459"]
[BlackElo "2229"]
[PlyCount "25"]
[EventDate "2015.01.14"]
[EventType "swiss"]
[EventRounds "10"]
[EventCountry "BRA"]
[SourceTitle "CBM 164 Extra"]
[Source "ChessBase"]
[SourceDate "2015.03.02"]
[SourceVersion "1"]
[SourceVersionDate "2015.03.02"]
[SourceQuality "1"]

1. e4 e6 2. d4 d5 3. Nc3 Bb4 4. e5 b6 5. Qg4 Bf8 6. Bg5 Qd7 7. O-O-O Ba6 8.
Bxa6 Nxa6 9. Qe2 Nb8 10. h4 Nc6 11. h5 h6 12. Bh4 Nge7 13. f4 1-0

[Event "Florianopolis op"]
[Site "Florianopolis"]
[Date "2015.01.17"]
[Round "8"]
[White "Supi, Luis Paulo"]
[Black "Cubas, Jose Fernando"]
[Result "1/2-1/2"]
[WhiteElo "2414"]
[BlackElo "2459"]
[PlyCount "105"]
[EventDate "2015.01.14"]
[EventType "swiss"]
[EventRounds "10"]
[EventCountry "BRA"]
[SourceTitle "CBM 164 Extra"]
[Source "ChessBase"]
[SourceDate "2015.03.02"]
[SourceVersion "1"]
[SourceVersionDate "2015.03.02"]
[SourceQuality "1"]

1. d4 Nf6 2. c4 e6 3. Nc3 Bb4 4. e3 b6 5. Nge2 Ne4 6. f3 Nxc3 7. bxc3 Be7 8. e4
O-O 9. Ng3 Nc6 10. f4 Ba6 11. Bd3 Na5 12. Qe2 f6 13. O-O Rf7 14. Rf3 Bf8 15.
Nf1 f5 16. Nd2 g6 17. e5 d5 18. exd6 Qxd6 19. Re3 Qxf4 20. Nf3 Qd6 21. Rxe6 Re7
22. Rxe7 Qxe7 23. Ne5 Bg7 24. Bf4 Re8 25. c5 Bxd3 26. Qxd3 g5 27. Bg3 f4 28.
Bf2 Bxe5 29. dxe5 Qe6 30. cxb6 axb6 31. Re1 Nc6 32. Qe4 Rd8 33. h4 Rd5 34. Bd4
h6 35. hxg5 hxg5 36. Qf3 Ne7 37. Qh5 c5 38. Qxg5+ Ng6 39. Bf2 Kg7 40. a4 Rxe5
41. Rxe5 Qxe5 42. Qd8 Qxc3 43. Qxb6 Qa1+ 44. Kh2 Qxa4 45. Qxc5 Kh6 46. Qf5 Qb3
47. Qf6 Qd5 48. Bd4 Qh5+ 49. Kg1 Qd1+ 50. Kh2 Qh5+ 51. Kg1 Qd1+ 52. Kh2 Qh5+
53. Kg1 1/2-1/2